<?xml version="1.0" encoding="UTF-8"?>
<record
    xmlns:xsi="http://www.w3.org/2001/XMLSchema-instance"
    xsi:schemaLocation="http://www.loc.gov/MARC21/slim http://www.loc.gov/standards/marcxml/schema/MARC21slim.xsd"
    xmlns="http://www.loc.gov/MARC21/slim">

  <leader>01190nam a22003491i 4500</leader>
  <controlfield tag="001">Mimo0000783263</controlfield>
  <controlfield tag="003">CO-MdBIC</controlfield>
  <controlfield tag="005">20170428163137.0</controlfield>
  <controlfield tag="008">900725t1978    sp a   b            spa  </controlfield>
  <datafield tag="017" ind1=" " ind2=" ">
    <subfield code="a">B 34815-1978</subfield>
    <subfield code="b">Oficina Dep&#xF3;sito Legal Barcelona</subfield>
  </datafield>
  <datafield tag="020" ind1=" " ind2=" ">
    <subfield code="a">8473800133</subfield>
    <subfield code="c">200 pts.</subfield>
  </datafield>
  <datafield tag="040" ind1=" " ind2=" ">
    <subfield code="a">SpMaBN</subfield>
    <subfield code="b">spa</subfield>
    <subfield code="c">CO-MdBIC</subfield>
  </datafield>
  <datafield tag="080" ind1=" " ind2="0">
    <subfield code="a">087.5:82</subfield>
  </datafield>
  <datafield tag="082" ind1=" " ind2=" ">
    <subfield code="b">D548c</subfield>
  </datafield>
  <datafield tag="084" ind1=" " ind2=" ">
    <subfield code="a">D848c LI823</subfield>
  </datafield>
  <datafield tag="100" ind1="1" ind2=" ">
    <subfield code="a">Dickens, Charles</subfield>
    <subfield code="d">1812-1870</subfield>
  </datafield>
  <datafield tag="240" ind1="1" ind2="2">
    <subfield code="a">A Christmas carol</subfield>
    <subfield code="l">Espa&#xF1;ol</subfield>
  </datafield>
  <datafield tag="245" ind1="1" ind2="4">
    <subfield code="a">Una canci&#xF3;n de Navidad</subfield>
    <subfield code="c">[por] Charles Dickens ; Chiqui de la Fuente, ilustrador ; Carlos A. Cornejo, adaptador</subfield>
  </datafield>
  <datafield tag="264" ind1=" " ind2=" ">
    <subfield code="a">Madrid</subfield>
    <subfield code="b">Sedmay</subfield>
    <subfield code="c">1978</subfield>
  </datafield>
  <datafield tag="300" ind1=" " ind2=" ">
    <subfield code="a">46 p&#xE1;ginas, 1 hoja</subfield>
    <subfield code="c">29 cm</subfield>
    <subfield code="b">Principalmente ilustraciones y color</subfield>
  </datafield>
  <datafield tag="500" ind1=" " ind2=" ">
    <subfield code="a">Libro en comic</subfield>
  </datafield>
  <datafield tag="700" ind1="1" ind2=" ">
    <subfield code="a">Fuente, Chiqui de la</subfield>
    <subfield code="e">Ilustrador</subfield>
  </datafield>
  <datafield tag="700" ind1="1" ind2=" ">
    <subfield code="a">Cornejo, Carlos A.</subfield>
    <subfield code="e">Adaptador</subfield>
  </datafield>
  <datafield tag="942" ind1=" " ind2=" ">
    <subfield code="c">LGB</subfield>
  </datafield>
  <datafield tag="952" ind1=" " ind2=" ">
    <subfield code="0">0</subfield>
    <subfield code="1">0</subfield>
    <subfield code="2">ddc</subfield>
    <subfield code="4">0</subfield>
    <subfield code="7">0</subfield>
    <subfield code="a">BINCO</subfield>
    <subfield code="b">BINCO</subfield>
    <subfield code="d">2016-08-31</subfield>
    <subfield code="l">1</subfield>
    <subfield code="o">D548c LI823</subfield>
    <subfield code="p">B32904</subfield>
    <subfield code="r">2016-08-31 00:00:00</subfield>
    <subfield code="s">2016-08-31</subfield>
    <subfield code="t">1</subfield>
    <subfield code="w">2016-08-31</subfield>
    <subfield code="y">LGB</subfield>
  </datafield>
  <datafield tag="956" ind1=" " ind2=" ">
    <subfield code="a">2</subfield>
  </datafield>
  <datafield tag="980" ind1=" " ind2=" ">
    <subfield code="a">B 34815-1978</subfield>
    <subfield code="a">84-7380-013-3</subfield>
    <subfield code="a">M-BN</subfield>
    <subfield code="b">BNALCALA</subfield>
    <subfield code="j">AHM/601620</subfield>
    <subfield code="c">SALA_ALC</subfield>
  </datafield>
  <datafield tag="980" ind1=" " ind2=" ">
    <subfield code="a">M-BN</subfield>
    <subfield code="b">BNALCALA</subfield>
    <subfield code="j">DL/108574</subfield>
    <subfield code="c">CONSERVACI</subfield>
  </datafield>
  <datafield tag="980" ind1=" " ind2=" ">
    <subfield code="a">M-BN</subfield>
    <subfield code="b">BNALCALA</subfield>
    <subfield code="j">J4/1320</subfield>
    <subfield code="c">ALCALA</subfield>
  </datafield>
  <datafield tag="999" ind1=" " ind2=" ">
    <subfield code="c">63774</subfield>
    <subfield code="d">63774</subfield>
  </datafield>
</record>
